000 00568nam a22001697a 4500
999 _c14256
_d14256
008 190906b ||||| |||| 00| 0 eng d
020 _a978-1-77361-303-1
082 _22018
_aDC 658.4038
_bM311
245 _aManagement information systems/
_cedited by Isaack Onyango.
260 _aOakville, Canada:
_bSociety Publishing,
_c©2018.
300 _axix, 293 pages:
_billustrations;
_c24 cm
500 _aIncludes references.
650 _aManagement information systems
_939429
700 _aOnyango, Isaack
_eEditor
_939430
365 _b5,850.00
_cPhp
942 _2ddc
_cDC